00348nam a2200097 a 450000500170000000800410001705000230005824500480008199900190012995201020014820140414131958.0110209s19uu xx 00 eng d aTR 398.8bOn8 2008 aOn the farm :bnursery rhyme activity book. c112982d112982 001040aMUbMUcTRd2011-02-09l0oTR 398.8 On8 2008pM4411r2014-04-14 00:00:00w2014-04-14yBK